000 00534nam a2200169 4500
001 138372
003 ES-MaACL
005 20230906195544.0
007 t|
008 070214s1968 sp r ||||1| fre d
100 1 _aSand, George,
_d1804-1876
_9103060
245 1 3 _aUn hiver á Majorque /
_cGeorge Sand [seud. de Armandine Lucile Aurore Dupin].
260 _aPalma de Mallorca :
_bClumba,
_c1968.
300 _a192 p., 4 lám. ;
_c19 cm +
_e1 plan. pleg.
852 _aES-MaACL
_jC-50363
_bR.67156
999 _c138372
_d138372